00552 2200217 4500001002100000005001500021035002000036007000300056008004100059020000700100082000800107084001400115100002600129245004600155250001000201260003100211300003400242700002600276520000600302600002600308INLIS00000000000184020220416110111 a0010-0422001414ta220416 b 1 ind  a-- a398 a398 YUD p0 aYudhistira Ikranegara1 aPuti Duyung :b- /cYudhistira Ikranegara aCet.1 a[s.l] :bDua Media,c[s.a] a32 :bilust. ;c15 x 21 cme-0 aYudhistira Ikranegara a- 4aYudhistira Ikranegara